000
00310nam a22001217a 4500
020
_a
978-969-35-2258-7
040
_c
CL
100
_a
Gopi Chand Narang
_9
127802
245
_a
Fiction Sheriyaat Tashkeel-O-Tanqeed
260
_a
Lahore:
_b
Sang-e-Meel Publication,
_c
2009.
300
_a
320p.
942
_2
ddc
_c
BK
999
_c
612814
_d
612814